LEADER 01102nam a2200265 i 4500 001 000000035473 003 CaOOAMICUS 005 19931231000000.0 008 931231s2001 it u000 u ita u 013 $a3758 020 $a88-7023-270-0 040 $aSeMil$bita 245 13$aIl Duomo di Milano :$bdizionario storico artistico e religioso. 260 $aMilano :$bNED,$c2001. 300 $aXII, 668 p., [32] p. di tav. :$bill. ;$c25 cm. 500 $aDono di mons. Antonio Rimoldi. 650 4$aMilano - Duomo - Enciclopedie e dizionari.$0(OLS)http://semarc/subject/6469 700 1 $aBenati, Giulia.$0(OLS)http://semarc/name/16537 700 1 $aRoda, Anna Maria.$0(OLS)http://semarc/name/16536 850 $aSeMil 852 $aSeMil$W1$xVenegono$y1$mSL1.G VII 11$j1628$B1628$CSeMilBibl$Z2$F1628 $8I 961 $aOmaggio: Rimoldi mons. Antonio 996 $6020$a88-7023-270-0$9(OLS)http://semarc/number/3715 996 $6245$aIl Duomo di Milano :$bdizionario storico artistico e religioso$9(OLS)http://semarc/title/48582 996 $6260$aMilano :$bNED$9(OLS)http://semarc/publisher/30187 LEADER 01526nam a2200253 i 4500 001 000000030433 003 CaOOAMICUS 005 20241219145654.0 008 180830s17181720it u000 u lat u 040 $aSeMil$bita 100 1 $aLorin, Jean,$d<1559-1634>.$0(OLS)http://semarc/name/13994 245 10$aJoannis Lorini, Societatis Jesu, Commentarii in librum Psalmorum quatuor tomis comprehensi, in quibus praeter accuratam sensus literalis explanationem, variarum tum editionum, ... ex patribus, praecipuč Graecis Latinisque, traduntur. 250 $aEditio novissima, et correctissima. Cum indicibus locorum Sacrae Scripturae, ac rerum magis exquisitarum & insigniorum. 260 $aVenetiis :$bSumptibus Hieronymi Albritii,$c1718-1720. 300 $a4 v. ;$cfol. 650 4$aBibbia. Antico Testamento. Salmi - Commentari, studi, critica, interpretazioni.$0(OLS)http://semarc/subject/289 700 1 $aAlbrizzi, Girolamo,$c.$0(OLS)http://semarc/name/13947 774 0 $t[Volumen 1].$g1$w()232530 774 0 $tVolumen 2.$g2$w()232531 774 0 $tVolumen 3.$g3$w()232532 774 0 $tVolumen 4.$g4$w()232533 996 $6245$aJoannis Lorini, Societatis Jesu, Commentarii in librum Psalmorum quatuor tomis comprehensi, in quibus praeter accuratam sensus literalis explanationem, variarum tum editionum, ... ex patribus, praecipuč Graecis Latinisque, traduntur$9(OLS)http://semarc/title/41432 996 $6260$aVenetiis :$bSumptibus Hieronymi Albritii$9(OLS)http://semarc/publisher/38541